| 000 | 01705cam a22003015a 4500 | ||
|---|---|---|---|
| 001 | L151025 | ||
| 008 | 100923s2010 xxkd f g 001 0 eng d | ||
| 020 | _a9780203848463 | ||
| 035 | _a(Sirsi) u151025 | ||
| 041 | 0 | _aeng. | |
| 050 | 0 | 4 | _a346.41043 $2 18 |
| 100 | 1 | _aDixon, Martin | |
| 245 | 0 | 0 |
_aModern land law _h[electronic resource] |
| 250 | _a7th ed. | ||
| 260 |
_aOxon _bRoutledge-Cavendish _c2010 |
||
| 300 | _aeBook | ||
| 505 | 2 | _aPreface -- Table of cases -- Table of Statutes -- Tables of Statutory Instruments and European legislation -- Table of acronyms -- An introduction to modern land law -- Registered land -- Unregistered land -- Co-ownership -- Successive interests in land -- Leases -- The law of easements and profits -- Freehold covenants -- Licenses and proprietary estoppel -- The law of mortgages -- Adverse possession | |
| 520 | _aThis eBook is a detailed guide to land law, including commentary on the legislation and recent case law (including Doherty v Birmingham City Council and Yeoman's Row Management v Cobbe). Covers all the topics covered on a typical undergraduate course and makes use of tables and diagrams. Of use to students and all others looking for an introduction to the udnerlying principles of land law. | ||
| 521 | _aAdvanced | ||
| 590 | _aKA ntk | ||
| 650 | 2 | 4 | _aDOHERTY V BIRMINGHAM CITY COUNCIL |
| 650 | 2 | 4 | _aEBOOK |
| 650 | 2 | 4 | _aYEOMANS ROW MANAGEMENT LTD V COBBE |
| 651 | 4 |
_aEngland and Wales _y1543- |
|
| 690 | _aPROPERTY-PROPERTY ACQUISITION AND DISPOSAL-REGISTRATION OF TITLE TO PROPERTY-LAND REGISTRATION | ||
| 856 | 4 | 8 |
_uhttps://www.vlebooks.com/ _zView on VLEbooks. Logins for members only from [email protected] |
| 942 | _n0 | ||
| 999 |
_c111102 _d111102 |
||